El patrimonio criminal comiso y perdida de la ganancia /

Detalles Bibliográficos
Autor principal: Choclan Montalvo, Jose Antonio
Formato: Desconocido
Lenguaje:español
Publicado: Madrid : Dykinson, 2001
Materias:
Acceso en línea:Acceso restringido

MARC

LEADER 00000ny a22000003n 4500
005 20110628103457.0
006 m u
007 cr cn|||||||||
008 200508r2001 sp |||||s|||||||||||spa d
020 |a 9788481557428 
035 |a 270 
040 |a FlNmELB  |c FlNmELB  |d vLex 
050 1 4 |a KKT4006  |b C545 2001eb 
080 |a 343.13 
090 |c 1147  |d 1147 
100 1 |a Choclan Montalvo, Jose Antonio 
245 1 3 |a El patrimonio criminal  |h [Recurso electrn̤ico]  |b comiso y perdida de la ganancia /  |c Jose Antonio Choclan Montalvo 
256 |a Servicio en ln̕ea 
260 |a Madrid :  |b Dykinson,  |c 2001 
300 |a [9]-97 p 
506 1 |a Contenido solo disponible en los productos indicados  |d vLex Global  |d vLex Global (Academic Edition, excluding Law Schools)  |d vLex Global (U.S. Academic Edition, Law Schools)  |d vLex Global (U.S. Academic Edition, excluding Law Schools)  |d vLex Global (Academic Edition, Law Schools) 
650 0 7 |a Penal  |2 Tesauro vLex 
650 0 7 |a Comiso  |2 Tesauro vLex 
740 0 |a vLex Libros (Servicios en ln̕ea) 
856 4 0 |u http://vlex.com/source/270  |z Acceso restringido 
942 |c BOOK